BIBLIOTECA PODER JUDICIAL
Portal Judicial TDF

Prescripción liberatoria en el contrato de transporte : (Registro nro. 5409)

000 -LEADER
fixed length control field 01329nab a22002297a 4500
003 - CONTROL NUMBER IDENTIFIER
control field OSt
005 - DATE AND TIME OF LATEST TRANSACTION
control field 20250312102124.0
008 - FIXED-LENGTH DATA ELEMENTS--GENERAL INFORMATION
fixed length control field 190604e xxu||||| |||| 00| 0 spa d
040 ## - CATALOGING SOURCE
Transcribing agency PJ
100 ## - MAIN ENTRY--PERSONAL NAME
9 (RLIN) 6438
Personal name Persico, Mariela
245 10 - TITLE STATEMENT
Title Prescripción liberatoria en el contrato de transporte :
Remainder of title estado actual de la jurisprudencia en la justicia nacional en lo civil /
Statement of responsibility, etc Mariela Persico.
260 ## - PUBLICATION, DISTRIBUTION, ETC. (IMPRINT)
Place of publication, distribution, etc Ciudad Autónoma de Buenos Aires :
Name of publisher, distributor, etc Thomson Reuters La Ley,
Date of publication, distribution, etc 2024.
300 ## - PHYSICAL DESCRIPTION
Extent p. 169-173
500 ## - GENERAL NOTE
General note Cita Online: TR LALEY AR/DOC/1280/24.
505 ## - FORMATTED CONTENTS NOTE
Formatted contents note Sumario: I. La doctrina plenaria de la Cámara Civil bajo el régimen de la ley 26.361.— II. El régimen normativo del Código Civil y Comercial.— III. Postura que sostiene la aplicación del plazo de cinco años.— IV. Corriente que propicia la vigencia del plazo de tres años.— V. Tesis mayoritaria: plazo de dos años.— VI. Conclusión.<br/><br/>
505 ## - FORMATTED CONTENTS NOTE
Title ¿Te interesa el texto completo? Solicitalo al correo: koha@justierradelfuego.gov.ar<br/>
650 #0 - SUBJECT ADDED ENTRY--TOPICAL TERM
9 (RLIN) 3092
Topical term or geographic name as entry element PRESCRIPCIÓN
650 #0 - SUBJECT ADDED ENTRY--TOPICAL TERM
9 (RLIN) 2600
Topical term or geographic name as entry element LEY DE DEFENSA DEL CONSUMIDOR
650 #0 - SUBJECT ADDED ENTRY--TOPICAL TERM
9 (RLIN) 1497
Topical term or geographic name as entry element CODIGO CIVIL Y COMERCIAL
773 0# - HOST ITEM ENTRY
Host Biblionumber 2714
Host Itemnumber 3171
Place, publisher, and date of publication Ciudad Autónoma de Buenos Aires : Thomson Reuters La Ley, 2014-
Title Revista anales de legislación argentina. Nº 7 - Julio 2024.
942 ## - ADDED ENTRY ELEMENTS (KOHA)
Source of classification or shelving scheme
Koha item type Analítica Artículo de Revista

No hay ítems disponibles.

12 de Octubre 789 Ushuaia - Tel:  54(02901)441571
Horario de Atención: 8.00 a 17.00 hs. 
bibliotecaush@justierradelfuego.gov.ar
koha@justierradelfuego.gov.ar
Seguinos en nuestras redes @bibliojustdf 

Con tecnología Koha